[Event "ENCI Limburg-open A"]
[Site "Maastricht"]
[Date "2008.05.10"]
[Round "3"]
[White "Konings, Frans"]
[Black "Smits, Sebastiaan"]
[Result "0-1"]
[WhiteElo "2262"]
[BlackElo "2122"]
[PlyCount "82"]
[EventDate "2008.05.09"]
[EventType "swiss"]
[EventRounds "7"]
[EventCountry "NED"]
[Source "P.Boonen"]
[SourceDate "2010.01.01"]

1. d4 Nf6 2. Nf3 g6 3. c4 Bg7 4. Nc3 O-O 5. e4 c6 6. Be2 d5 7. e5 Ne4 8. O-O
Nxc3 9. bxc3 dxc4 10. Bxc4 c5 11. h3 Nc6 12. Be3 cxd4 13. cxd4 Na5 14. Bd3 Be6
15. Ng5 Bd5 16. Qg4 h6 17. Ne4 Nc4 18. Bc1 Be6 19. Qh4 Nxe5 20. Bxh6 Nxd3 21.
Rad1 Qxd4 22. Be3 Qc4 23. Rxd3 Qxd3 24. Ng5 Rfe8 25. Re1 Qc4 26. Qh7+ Kf8 27.
Rc1 Qd5 28. Nxe6+ fxe6 29. Bh6 Qe5 30. Rc4 Bxh6 31. Qxh6+ Qg7 32. Qe3 e5 33.
Rg4 Rad8 34. h4 Rd4 35. Rg5 Qf6 36. g3 Rd1+ 37. Kh2 Qc6 38. f3 Qc2+ 39. Kh3
Rh1+ 40. Kg4 Qc8+ 41. Rf5+ Qxf5# 0-1

[Event "ENCI Limburg-open A"]
[Site "Maastricht"]
[Date "2008.05.10"]
[Round "3"]
[White "Kotronias, Vasilios"]
[Black "Ringoir, Tanguy"]
[Result "1-0"]
[WhiteElo "2611"]
[BlackElo "2252"]
[PlyCount "59"]
[EventDate "2008.05.09"]
[EventType "swiss"]
[EventRounds "7"]
[EventCountry "NED"]
[Source "P.Boonen"]
[SourceDate "2010.01.01"]

1. e4 c5 2. Nc3 Nc6 3. Nf3 g6 4. Bb5 Bg7 5. Bxc6 bxc6 6. O-O c4 7. b3 d5 8. e5
Bg4 9. Re1 Qc7 10. Bb2 d4 11. Ne4 Bxe5 12. h3 Bxf3 13. Qxf3 cxb3 14. axb3 Kf8
15. Ra6 Kg7 16. Nc5 Rc8 17. Qe4 Bf6 18. Bxd4 Qd6 19. Bxf6+ exf6 20. Qb4 Rb8 21.
Qc3 Qc7 22. Qa1 Ra8 23. Re6 Qd8 24. Raxc6 Qd5 25. Red6 Qf5 26. Nd7 Re8 27. Rxf6
Nxf6 28. Rxf6 Re1+ 29. Qxe1 Qxd7 30. Qe5 1-0

[Event "ENCI Limburg-open A"]
[Site "Maastricht"]
[Date "2008.05.10"]
[Round "3"]
[White "Leentjens, Gilbert"]
[Black "Obels, Jiri"]
[Result "1/2-1/2"]
[WhiteElo "1849"]
[BlackElo "2024"]
[PlyCount "95"]
[EventDate "2008.05.09"]
[EventType "swiss"]
[EventRounds "7"]
[EventCountry "NED"]
[Source "P.Boonen"]
[SourceDate "2010.01.01"]

1. e4 e6 2. d4 d5 3. e5 c5 4. c3 Nc6 5. Nf3 Bd7 6. Bd3 cxd4 7. cxd4 Qb6 8. O-O
Nxd4 9. Nxd4 Qxd4 10. Nc3 a6 11. Qe2 Ne7 12. Kh1 Qh4 13. Be3 Nc6 14. f4 g6 15.
Rf3 Qd8 16. Bf2 b5 17. a3 Na5 18. b4 Nc4 19. f5 gxf5 20. Bxf5 Qc7 21. Bg3 Bg7
22. Nxd5 Qb7 23. Nf6+ Bxf6 24. Be4 Bc6 25. Bxc6+ Qxc6 26. Rxf6 Rd8 27. Raf1 Rd2
28. Qf3 Qxf3 29. R6xf3 Rd7 30. Re1 Rg8 31. Bf4 Rd4 32. g3 Rd5 33. Rc3 Kd7 34.
Kg2 Rc8 35. Rec1 Rd4 36. Kf3 Kc6 37. Kg4 Rg8+ 38. Kh5 Rg6 39. Rf1 Rd5 40. Kh4
Kd7 41. Rff3 Ke7 42. Bg5+ Rxg5 43. Kxg5 Nxe5 44. Rf1 f6+ 45. Kh6 Nf7+ 46. Kxh7
Rh5+ 47. Kg6 Rg5+ 48. Kh7 1/2-1/2

[Event "ENCI Limburg-open A"]
[Site "Maastricht"]
[Date "2008.05.10"]
[Round "3"]
[White "Lemmen, Raoul"]
[Black "Lammens, Tim"]
[Result "0-1"]
[WhiteElo "1877"]
[BlackElo "2294"]
[PlyCount "43"]
[EventDate "2008.05.09"]
[EventType "swiss"]
[EventRounds "7"]
[EventCountry "NED"]
[Source "P.Boonen"]
[SourceDate "2010.01.01"]

1. d4 Nf6 2. c4 g6 3. Nc3 Bg7 4. e4 d6 5. Nf3 O-O 6. Be2 e5 7. O-O exd4 8. Nxd4
Re8 9. f3 Nc6 10. Nc2 Nh5 11. Bd2 f5 12. Rb1 Nd4 13. Be3 Nxe2+ 14. Nxe2 fxe4
15. fxe4 Qh4 16. Nf4 Nf6 17. g3 Qg4 18. Nd5 Nxd5 19. exd5 Qxd1 20. Rbxd1 Bf5
21. Rxf5 gxf5 22. Bd4 0-1

[Event "ENCI Limburg-open A"]
[Site "Maastricht"]
[Date "2008.05.10"]
[Round "3"]
[White "Luther, Thomas"]
[Black "Held, Benjamin"]
[Result "1-0"]
[WhiteElo "2539"]
[BlackElo "1856"]
[PlyCount "55"]
[EventDate "2008.05.09"]
[EventType "swiss"]
[EventRounds "7"]
[EventCountry "NED"]
[Source "P.Boonen"]
[SourceDate "2010.01.01"]

1. e4 e5 2. Nf3 Nc6 3. Bb5 a6 4. Ba4 Nf6 5. O-O b5 6. Bb3 Be7 7. d4 d6 8. c3
O-O 9. h3 exd4 10. cxd4 Na5 11. Bc2 c5 12. Nc3 Nc4 13. Qe2 Nb6 14. dxc5 dxc5
15. Rd1 Qc7 16. e5 Ne8 17. a4 b4 18. Ne4 Bb7 19. Bg5 Nd5 20. Rac1 h6 21. Bxe7
Qxe7 22. Nxc5 Nc3 23. bxc3 Qxc5 24. cxb4 Qxb4 25. Nd4 g6 26. Qe3 Kh7 27. Nf5 g5
28. Rb1 1-0

[Event "ENCI Limburg-open A"]
[Site "Maastricht"]
[Date "2008.05.10"]
[Round "3"]
[White "Memarian, Milad"]
[Black "Braun, Christian1"]
[Result "0-1"]
[WhiteElo "1939"]
[BlackElo "2322"]
[PlyCount "64"]
[EventDate "2008.05.09"]
[EventType "swiss"]
[EventRounds "7"]
[EventCountry "NED"]
[Source "P.Boonen"]
[SourceDate "2010.01.01"]

1. d4 g6 2. c4 Bg7 3. e4 d6 4. f3 e5 5. d5 f5 6. Be3 fxe4 7. Nc3 Nf6 8. Qd2 O-O
9. O-O-O exf3 10. gxf3 Na6 11. Bd3 Nc5 12. Bc2 a5 13. h4 Nh5 14. Nge2 Rxf3 15.
Ne4 Nxe4 16. Bxe4 Rf7 17. Rdg1 Bf5 18. Bf3 Nf4 19. Nxf4 exf4 20. Bd4 Bxd4 21.
Qxd4 Qf6 22. Qxf4 Bd3 23. Qxf6 Rxf6 24. Bg4 Bxc4 25. Be6+ Kg7 26. Rg3 c6 27.
Rd1 Bxa2 28. b3 a4 29. bxa4 Bxd5 30. Bxd5 cxd5 31. Rb3 Rxa4 32. Rxb7+ Rf7 0-1

[Event "ENCI Limburg-open A"]
[Site "Maastricht"]
[Date "2008.05.10"]
[Round "3"]
[White "Miesen, Fabian"]
[Black "Karns, Tobias"]
[Result "1-0"]
[WhiteElo "2165"]
[BlackElo "2022"]
[PlyCount "85"]
[EventDate "2008.05.09"]
[EventType "swiss"]
[EventRounds "7"]
[EventCountry "NED"]
[Source "P.Boonen"]
[SourceDate "2010.01.01"]

1. Nc3 d5 2. e4 e6 3. f4 Bb4 4. e5 c5 5. Nf3 Nc6 6. g3 Nh6 7. a3 Bxc3 8. bxc3
O-O 9. Bh3 f6 10. d4 cxd4 11. cxd4 Qa5+ 12. Bd2 Qa4 13. Bc3 fxe5 14. dxe5 Nf5
15. Bxf5 Rxf5 16. O-O Bd7 17. Qd2 Rc8 18. Bb4 h6 19. c4 a5 20. cxd5 axb4 21.
dxc6 Qxc6 22. axb4 Rf7 23. Rac1 Qb6+ 24. Qd4 Qd8 25. Nd2 Bc6 26. Qxd8+ Rxd8 27.
Nc4 Rd4 28. Nd6 Rxb4 29. Nxf7 Kxf7 30. Rf2 Rb3 31. Kf1 Re3 32. Rb2 Ra3 33. Ke2
h5 34. Kd2 h4 35. Rc3 Rxc3 36. Kxc3 hxg3 37. hxg3 Kg6 38. g4 Bf3 39. f5+ Kf7
40. Rb4 Bd5 41. Kd2 Bc6 42. Ke3 Bd5 43. Kf4 1-0

[Event "ENCI Limburg-open A"]
[Site "Maastricht"]
[Date "2008.05.10"]
[Round "3"]
[White "Morren, Eric Jan"]
[Black "Roggeveen, Pieter"]
[Result "0-1"]
[WhiteElo "1804"]
[BlackElo "2099"]
[PlyCount "68"]
[EventDate "2008.05.09"]
[EventType "swiss"]
[EventRounds "7"]
[EventCountry "NED"]
[Source "P.Boonen"]
[SourceDate "2010.01.01"]

1. c4 e6 2. g3 d5 3. Bg2 Nf6 4. Nf3 Be7 5. O-O O-O 6. cxd5 exd5 7. d4 Bf5 8.
Nc3 Nbd7 9. Qb3 Nb6 10. Bg5 Re8 11. Rfe1 h6 12. Bd2 Ne4 13. Rad1 Nxd2 14. Nxd2
c6 15. e3 Qc7 16. Rc1 Qd7 17. Na4 Nxa4 18. Qxa4 h5 19. Qd1 h4 20. Nf3 hxg3 21.
hxg3 Bd6 22. Kh2 Re6 23. Rh1 Rae8 24. Kg1 Rf6 25. Qd2 Bg4 26. Ng5 Qf5 27. f4
Rg6 28. Qf2 Qd3 29. Rc3 Qb1+ 30. Bf1 f6 31. Nh7 Bf5 32. Rb3 Be4 33. Qh2 Qe1 34.
Qf2 Rxg3+ 0-1

[Event "ENCI Limburg-open A"]
[Site "Maastricht"]
[Date "2008.05.10"]
[Round "3"]
[White "Nabuurs, Mart"]
[Black "Aben, Paul"]
[Result "1/2-1/2"]
[WhiteElo "2093"]
[BlackElo "1939"]
[PlyCount "52"]
[EventDate "2008.05.09"]
[EventType "swiss"]
[EventRounds "7"]
[EventCountry "NED"]
[Source "P.Boonen"]
[SourceDate "2010.01.01"]

1. e4 c6 2. d4 d5 3. f3 g6 4. Nc3 Bg7 5. Be3 Nf6 6. e5 Ng8 7. f4 h5 8. Nf3 Bg4
9. h3 Bxf3 10. Qxf3 e6 11. g4 Qh4+ 12. Bf2 hxg4 13. Bxh4 gxf3 14. Bg3 Ne7 15.
Kf2 a6 16. Kxf3 Nf5 17. Bf2 Nd7 18. a4 Bf8 19. Bd3 Be7 20. Ne2 c5 21. b3 cxd4
22. Nxd4 Nc5 23. Nxf5 gxf5 24. Bxc5 Bxc5 25. Rh2 Rh4 26. Rah1 Ke7 1/2-1/2

[Event "ENCI Limburg-open A"]
[Site "Maastricht"]
[Date "2008.05.10"]
[Round "3"]
[White "Ouwersloot, Hans"]
[Black "Simenon, Jozef"]
[Result "1/2-1/2"]
[WhiteElo "2038"]
[BlackElo "2182"]
[PlyCount "53"]
[EventDate "2008.05.09"]
[EventType "swiss"]
[EventRounds "7"]
[EventCountry "NED"]
[Source "P.Boonen"]
[SourceDate "2010.01.01"]

1. e4 c5 2. Nf3 g6 3. d4 cxd4 4. Nxd4 Nc6 5. Be3 Bg7 6. Nc3 Nf6 7. Nb3 d6 8. f3
Be6 9. Qd2 O-O 10. O-O-O Qc7 11. Kb1 Rac8 12. h4 Ne5 13. Bd4 Nc4 14. Bxc4 Bxc4
15. g4 b5 16. h5 b4 17. Nd5 Bxd5 18. exd5 a5 19. hxg6 hxg6 20. g5 Nh5 21. Rxh5
gxh5 22. Bxg7 Kxg7 23. Nd4 Qd7 24. g6 fxg6 25. Ne6+ Kh7 26. Qd4 Rf7 27. Ng5+
1/2-1/2

[Event "ENCI Limburg-open A"]
[Site "Maastricht"]
[Date "2008.05.10"]
[Round "3"]
[White "Pastoor, Ernst Jan"]
[Black "Merx, Bob"]
[Result "1-0"]
[WhiteElo "1814"]
[BlackElo "2106"]
[PlyCount "53"]
[EventDate "2008.05.09"]
[EventType "swiss"]
[EventRounds "7"]
[EventCountry "NED"]
[Source "P.Boonen"]
[SourceDate "2010.01.01"]

1. e4 e5 2. g3 Nf6 3. Bg2 Nc6 4. Nf3 d5 5. exd5 Nxd5 6. O-O Bd6 7. d4 exd4 8.
Nxd4 Nde7 9. Nxc6 bxc6 10. Bg5 f6 11. Be3 Be6 12. Nc3 O-O 13. Re1 Bf7 14. Qg4
Qb8 15. Ne4 Be5 16. Bc5 Re8 17. Ng5 Qxb2 18. Nxf7 Kxf7 19. Qc4+ Nd5 20. Bxd5+
cxd5 21. Qxd5+ Kg6 22. f4 Bc3 23. g4 h6 24. Qf5+ Kf7 25. Qh5+ g6 26. Qd5+ Kg7
27. Qd7+ 1-0

[Event "ENCI Limburg-open A"]
[Site "Maastricht"]
[Date "2008.05.10"]
[Round "3"]
[White "Pham, Toan Thanh"]
[Black "Snoeck, Rene"]
[Result "1-0"]
[WhiteElo "2111"]
[BlackElo "1942"]
[PlyCount "67"]
[EventDate "2008.05.09"]
[EventType "swiss"]
[EventRounds "7"]
[EventCountry "NED"]
[Source "P.Boonen"]
[SourceDate "2010.01.01"]

1. e4 c6 2. d4 d5 3. exd5 cxd5 4. Bd3 Nf6 5. c3 Nc6 6. Bf4 Bg4 7. Qb3 Qc8 8.
Nd2 e6 9. Ngf3 Be7 10. O-O O-O 11. Rfe1 Bh5 12. Ne5 a6 13. a4 Bg6 14. Nxg6 hxg6
15. Nf3 Qd7 16. Ne5 Nxe5 17. dxe5 Nh7 18. Be3 Rfc8 19. Bd4 Nf8 20. Qd1 Bc5 21.
Qe2 Qe7 22. Qd2 Nd7 23. g3 Rc7 24. h4 Nb6 25. Kg2 Bxd4 26. cxd4 Nc4 27. Qe2 Qb4
28. h5 Qxb2 29. Bxc4 Qxd4 30. Bd3 Rc3 31. Rad1 Qxa4 32. hxg6 fxg6 33. Bxg6 Rf8
34. Qh5 1-0

[Event "ENCI Limburg-open A"]
[Site "Maastricht"]
[Date "2008.05.10"]
[Round "3"]
[White "Polak, Indra"]
[Black "De Reymaekers, Walter"]
[Result "1-0"]
[WhiteElo "2184"]
[BlackElo "2053"]
[PlyCount "85"]
[EventDate "2008.05.09"]
[EventType "swiss"]
[EventRounds "7"]
[EventCountry "NED"]
[Source "P.Boonen"]
[SourceDate "2010.01.01"]

1. e4 c5 2. Nf3 g6 3. d4 Bg7 4. dxc5 Nf6 5. Bc4 Qa5+ 6. c3 Qxc5 7. Qe2 O-O 8.
Be3 Qc7 9. Nbd2 a6 10. a4 b6 11. O-O Bb7 12. Bg5 Nc6 13. Rfe1 Ng4 14. h3 Nge5
15. Nxe5 Qxe5 16. Bh4 Qc7 17. Rad1 d6 18. Ba2 b5 19. Bb3 b4 20. cxb4 Nxb4 21.
Nc4 a5 22. Rc1 Nc6 23. Qd2 Nd4 24. Ba2 Bc6 25. Bg5 Ne6 26. Be3 Nc5 27. e5 Ne4
28. exd6 exd6 29. Qd3 d5 30. Nb6 Rad8 31. Nxd5 Qb7 32. Rxc6 Qxc6 33. Qxe4 Kh8
34. Bd4 f6 35. Ne7 Qxe4 36. Rxe4 Rfe8 37. Nxg6+ hxg6 38. Rh4+ Bh6 39. Bxf6+ Kh7
40. Bg5 Rd1+ 41. Kh2 Re2 42. Bxh6 Ra1 43. Bf8# 1-0

[Event "ENCI Limburg-open A"]
[Site "Maastricht"]
[Date "2008.05.10"]
[Round "3"]
[White "Richter, Gera"]
[Black "Mol, Christiaan"]
[Result "1-0"]
[WhiteElo "2150"]
[BlackElo "2007"]
[PlyCount "80"]
[EventDate "2008.05.09"]
[EventType "swiss"]
[EventRounds "7"]
[EventCountry "NED"]
[Source "P.Boonen"]
[SourceDate "2010.01.01"]

1. d4 Nf6 2. c4 e6 3. Nf3 d5 4. Bg5 c6 5. Nc3 dxc4 6. e4 h6 7. Bxf6 Qxf6 8.
Bxc4 Nd7 9. e5 Qd8 10. O-O Nb6 11. Bd3 Nd5 12. Ne4 b6 13. Rc1 Bb7 14. g3 Be7
15. a3 Qd7 16. Qe2 Nc7 17. Rfd1 O-O-O 18. b4 Kb8 19. Qb2 f5 20. exf6 gxf6 21.
Be2 h5 22. Nc3 h4 23. a4 Bd6 24. Ne4 Be7 25. a5 Nb5 26. axb6 axb6 27. Qd2 Nd6
28. Qf4 hxg3 29. fxg3 Qc7 30. Nf2 Nb5 31. Qe3 Qd6 32. Rb1 Nc7 33. Ne4 Qd5 34.
Qf4 Qh5 35. Rd2 e5 36. dxe5 Rxd2 37. Nexd2 fxe5 38. Qxe5 Qh7 39. Rb3 c5 40. Bd3
Qf7 1-0

[Event "ENCI Limburg-open A"]
[Site "Maastricht"]
[Date "2008.05.10"]
[Round "3"]
[White "Ringoir, Guy"]
[Black "Michalczak, Thomas"]
[Result "0-1"]
[WhiteElo "1941"]
[BlackElo "2329"]
[PlyCount "42"]
[EventDate "2008.05.09"]
[EventType "swiss"]
[EventRounds "7"]
[EventCountry "NED"]
[Source "P.Boonen"]
[SourceDate "2010.01.01"]

1. e4 e5 2. Nf3 Nc6 3. Bb5 a6 4. Ba4 Nf6 5. O-O Be7 6. Re1 b5 7. Bb3 d6 8. h3
O-O 9. c3 Nb8 10. d4 Nbd7 11. Be3 Bb7 12. dxe5 dxe5 13. Ng5 Nxe4 14. Nxf7 Rxf7
15. Qf3 Ndf6 16. Bxf7+ Kxf7 17. Rd1 Qc8 18. Qe2 Qf5 19. Nd2 Nxd2 20. Rxd2 Bd6
21. c4 Qe4 0-1

[Event "ENCI Limburg-open A"]
[Site "Maastricht"]
[Date "2008.05.10"]
[Round "3"]
[White "Schut, Lisa"]
[Black "Konijn, Bart"]
[Result "1-0"]
[WhiteElo "2065"]
[BlackElo "2236"]
[PlyCount "81"]
[EventDate "2008.05.09"]
[EventType "swiss"]
[EventRounds "7"]
[EventCountry "NED"]
[Source "P.Boonen"]
[SourceDate "2010.01.01"]

1. e4 e5 2. Nf3 Nc6 3. Bc4 Bc5 4. b4 Bxb4 5. c3 Ba5 6. d4 exd4 7. O-O Nge7 8.
Ng5 d5 9. exd5 Ne5 10. Bb3 O-O 11. Nxh7 Kxh7 12. Qh5+ Kg8 13. Qxe5 dxc3 14. Ba3
Re8 15. Re1 c2 16. Bb2 f6 17. d6+ Kf8 18. Qxa5 Nc6 19. dxc7 Qe7 20. Rxe7
cxb1=Q+ 21. Qe1 Qxe1+ 22. Rexe1 a5 23. Ba3+ Nb4 24. Rxe8+ Kxe8 25. Rd1 Bf5 26.
f3 Rc8 27. g4 Bd7 28. Re1+ Kf8 29. Rc1 Bc6 30. Rc5 Ke8 31. Rxa5 Na6 32. Rh5
Nxc7 33. Kf2 Rd8 34. Rh8+ Kd7 35. Rxd8+ Kxd8 36. Bf8 Ne8 37. h4 Kd7 38. h5 Bb5
39. Ke3 Bf1 40. Bxg7 Nxg7 41. h6 1-0

[Event "ENCI Limburg-open A"]
[Site "Maastricht"]
[Date "2008.05.10"]
[Round "3"]
[White "Skrijelj, Redzep"]
[Black "Akstinat, Sven Holger"]
[Result "0-1"]
[WhiteElo "2006"]
[BlackElo "2179"]
[PlyCount "144"]
[EventDate "2008.05.09"]
[EventType "swiss"]
[EventRounds "7"]
[EventCountry "NED"]
[Source "P.Boonen"]
[SourceDate "2010.01.01"]

1. d4 e6 2. c4 b6 3. Nc3 Bb7 4. e4 Bb4 5. Bd3 f5 6. d5 fxe4 7. Bxe4 Nf6 8. Bf3
O-O 9. Nge2 e5 10. O-O Bxc3 11. Nxc3 d6 12. Bg5 Qe8 13. Qc2 Nbd7 14. Rae1 a6
15. Ne4 Qg6 16. h4 Nc5 17. Bxf6 gxf6 18. h5 Qh6 19. Ng3 a5 20. Bg4 Rae8 21. Re3
Kh8 22. Nf5 Qf4 23. Bh3 b5 24. b3 bxc4 25. bxc4 Ba6 26. Rc1 Rg8 27. g3 Qg5 28.
Kg2 Bc8 29. Rh1 a4 30. h6 Bxf5 31. Bxf5 Re7 32. Kf1 Rb8 33. Rh4 Qg8 34. Qe2 Qf8
35. Kg2 Rbe8 36. Qh5 Rb8 37. Rf3 Rb2 38. Rg4 Rb8 39. Bc2 e4 40. Re3 f5 41. Rf4
Qf6 42. Rxf5 Qg6 43. Qh4 Rbe8 44. Qf4 Rg8 45. Rf6 Qg5 46. Qxg5 Rxg5 47. Rf8+
Rg8 48. Rxg8+ Kxg8 49. g4 Kf7 50. f4 Kg6 51. g5 Kf5 52. Kg3 Re8 53. Bd1 Rb8 54.
Bg4+ Kg6 55. Kh4 Rb1 56. f5+ Kf7 57. Bh5+ Kg8 58. g6 Rf1 59. Kg5 Rg1+ 60. Kf6
Rh1 61. gxh7+ Kxh7 62. Bg6+ Kxh6 63. Ke7 Kg5 64. f6 Kxg6 65. f7 Rh7 66. Rg3+
Kf5 67. Ke8 Rxf7 68. Kxf7 Kf4 69. Rg8 e3 70. Re8 Ne4 71. Ke7 e2 72. Kd7 Nf6+
0-1

[Event "ENCI Limburg-open A"]
[Site "Maastricht"]
[Date "2008.05.10"]
[Round "3"]
[White "Smith, Thijmen"]
[Black "Tonoli, Benjamin"]
[Result "1-0"]
[WhiteElo "1934"]
[BlackElo "2190"]
[PlyCount "75"]
[EventDate "2008.05.09"]
[EventType "swiss"]
[EventRounds "7"]
[EventCountry "NED"]
[Source "P.Boonen"]
[SourceDate "2010.01.01"]

1. e4 c5 2. Nf3 Nc6 3. d4 cxd4 4. Nxd4 Nf6 5. Nc3 e5 6. Ndb5 d6 7. Bg5 a6 8.
Na3 b5 9. Nd5 Be7 10. Bxf6 Bxf6 11. c3 Bg5 12. Nc2 Ne7 13. Ncb4 O-O 14. a4 bxa4
15. Rxa4 a5 16. Nxe7+ Qxe7 17. Nd5 Qb7 18. b3 Bd7 19. Ra2 f5 20. Bc4 Kh8 21.
exf5 Rxf5 22. O-O e4 23. Qd4 Bc6 24. Rd1 Re5 25. b4 axb4 26. Rxa8+ Qxa8 27.
cxb4 Qa4 28. Ra1 Qc2 29. b5 Bb7 30. h4 e3 31. fxe3 Re4 32. Qa7 h6 33. hxg5 Rg4
34. Qb8+ Kh7 35. Nf6+ Kg6 36. Qe8+ Kxg5 37. Qh5+ Kxf6 38. Qxg4 1-0

[Event "ENCI Limburg-open A"]
[Site "Maastricht"]
[Date "2008.05.10"]
[Round "3"]
[White "Smits, Benjamin"]
[Black "Staudte, Rainer"]
[Result "1-0"]
[WhiteElo "1798"]
[BlackElo "1990"]
[PlyCount "136"]
[EventDate "2008.05.09"]
[EventType "swiss"]
[EventRounds "7"]
[EventCountry "NED"]
[Source "P.Boonen"]
[SourceDate "2010.01.01"]

1. e4 c5 2. Nf3 Nc6 3. d4 cxd4 4. Nxd4 g6 5. Nc3 Bg7 6. Be3 Nf6 7. Bc4 Qa5 8.
Nxc6 dxc6 9. f3 O-O 10. O-O b5 11. Bb3 Rd8 12. Qe1 Qc7 13. Qf2 Nd7 14. Bd4 e5
15. Be3 a5 16. a3 Ba6 17. Rfd1 a4 18. Ba2 Nf8 19. Rxd8 Qxd8 20. Rd1 Qe8 21. Qh4
h5 22. Rd6 Bb7 23. Nd1 Ne6 24. Bxe6 fxe6 25. Nf2 Bf8 26. Rd2 b4 27. axb4 Bxb4
28. c3 Be7 29. Qg3 a3 30. bxa3 Bf6 31. Bc5 Rd8 32. Rxd8 Bxd8 33. Qxe5 Qf7 34.
Bd4 Kf8 35. Nd3 Bc7 36. Qc5+ Ke8 37. Qa7 Bc8 38. Qa8 Qd7 39. Nc5 Qd8 40. Qxc6+
Kf7 41. Nb7 Bxh2+ 42. Kf1 Qd7 43. Qxd7+ Bxd7 44. Kf2 Bc7 45. Nc5 Bc6 46. c4 Bd6
47. Ke2 g5 48. Nd3 Ke7 49. Bc5 Kd7 50. Bxd6 Kxd6 51. Ke3 e5 52. Kd2 g4 53. Ke3
gxf3 54. Kxf3 Bd7 55. c5+ Ke6 56. Nb4 Ba4 57. Kg3 Bd1 58. Kh4 Be2 59. Nd5 Bd3
60. Nc3 Kd7 61. Kg5 Kc6 62. Kf6 Kxc5 63. Kxe5 Kc4 64. Nd5 Kb3 65. Nf4 Bf1 66.
g3 Kxa3 67. Nxh5 Be2 68. Ng7 Kb4 1-0

[Event "ENCI Limburg-open A"]
[Site "Maastricht"]
[Date "2008.05.10"]
[Round "3"]
[White "Suhbat, Orgibold"]
[Black "Roufs, Gerard"]
[Result "0-1"]
[WhiteElo "2001"]
[BlackElo "1879"]
[PlyCount "101"]
[EventDate "2008.05.09"]
[EventType "swiss"]
[EventRounds "7"]
[EventCountry "NED"]
[Source "P.Boonen"]
[SourceDate "2010.01.01"]

1. e4 c5 2. Nf3 e6 3. d4 cxd4 4. Nxd4 Nc6 5. Nc3 Qc7 6. Ndb5 Qb8 7. Be2 a6 8.
Nd4 Nf6 9. Bg5 Bb4 10. Nxc6 bxc6 11. Bd3 Be7 12. Rb1 O-O 13. O-O d5 14. f4 dxe4
15. Nxe4 Nxe4 16. Bxe4 Bxg5 17. fxg5 Qe5 18. Qf3 Rb8 19. c3 Bb7 20. Kh1 Rbc8
21. Rbd1 Rc7 22. g6 hxg6 23. Bxg6 c5 24. Qf2 Qg5 25. Bc2 Bd5 26. b3 Rd8 27. Rd3
c4 28. Rg3 Qe7 29. Qf4 f5 30. Re1 Qf7 31. Qh4 Rdc8 32. Rd1 cxb3 33. Bxb3 Rxc3
34. Rxc3 Rxc3 35. Qd8+ Kh7 36. Qh4+ Kg8 37. h3 Qc7 38. Bxd5 exd5 39. Qd4 Rc1
40. Qxd5+ Kh8 41. Rxc1 Qxc1+ 42. Kh2 Qf4+ 43. Kg1 Qc1+ 44. Kf2 Qc8 45. Ke3 g6
46. Kd3 Kg7 47. h4 Qc1 48. Qb7+ Kh6 49. a4 Qa3+ 50. Ke2 Qxa4 51. Qa8 0-1

[Event "ENCI Limburg-open A"]
[Site "Maastricht"]
[Date "2008.05.10"]
[Round "3"]
[White "Surewaard, Wilbert"]
[Black "Jones, Gawain C"]
[Result "1/2-1/2"]
[WhiteElo "2213"]
[BlackElo "2522"]
[PlyCount "125"]
[EventDate "2008.05.09"]
[EventType "swiss"]
[EventRounds "7"]
[EventCountry "NED"]
[Source "P.Boonen"]
[SourceDate "2010.01.01"]

1. e4 e5 2. Nf3 Nc6 3. d4 exd4 4. Nxd4 Nf6 5. Nxc6 bxc6 6. e5 Qe7 7. Qe2 Nd5 8.
c4 Ba6 9. b3 g5 10. Ba3 Qxa3 11. Nxa3 Bb4+ 12. Qd2 Bxd2+ 13. Kxd2 Nf4 14. g3
Ng6 15. Bd3 O-O-O 16. Bxg6 hxg6 17. h4 g4 18. Rhe1 Rde8 19. Re3 c5 20. Rae1 Bb7
21. Nb5 g5 22. hxg5 Rh2 23. Rf1 Bg2 24. Rfe1 Bf3 25. Rf1 a6 26. Nc3 Rg8 27. Na4
Bg2 28. Rfe1 Bc6 29. Nxc5 Rxf2+ 30. R1e2 Rxe2+ 31. Rxe2 Rxg5 32. Nd3 Kd8 33.
Nf4 Bf3 34. Re1 Rg8 35. Kc3 Rh8 36. b4 Bc6 37. Kb3 Rh2 38. a4 Rf2 39. b5 Rf3+
40. Kb4 Bb7 41. Nh5 Ke7 42. Ka5 axb5 43. axb5 Rf5 44. Nf4 Rxf4 45. gxf4 Ke6 46.
c5 Kf5 47. c6 dxc6 48. b6 cxb6+ 49. Kxb6 Bc8 50. Kxc6 Be6 51. Rf1 g3 52. Kd6
Kg4 53. Ke7 Bc4 54. Rc1 Bd5 55. Rd1 Be6 56. Rf1 Bc4 57. Rc1 g2 58. Rg1 Kh3 59.
f5 Kh2 60. Rxg2+ Kxg2 61. e6 fxe6 62. fxe6 Bxe6 63. Kxe6 1/2-1/2

[Event "ENCI Limburg-open A"]
[Site "Maastricht"]
[Date "2008.05.10"]
[Round "3"]
[White "Swinkels, Robin"]
[Black "Berg, Emanuel"]
[Result "1-0"]
[WhiteElo "2448"]
[BlackElo "2601"]
[PlyCount "80"]
[EventDate "2008.05.09"]
[EventType "swiss"]
[EventRounds "7"]
[EventCountry "NED"]
[Source "P.Boonen"]
[SourceDate "2010.01.01"]

1. e4 e6 2. d4 d5 3. Nc3 Bb4 4. e5 Qd7 5. a3 Bxc3+ 6. bxc3 b6 7. Bd3 Ba6 8. a4
Bxd3 9. cxd3 Nc6 10. Nf3 Nge7 11. O-O O-O 12. Ba3 Rfc8 13. Qc2 Na5 14. Rfb1 Nb7
15. Bb4 h6 16. h3 Ng6 17. Ra2 c5 18. dxc5 bxc5 19. Ba3 c4 20. d4 Na5 21. Rb5
Qd8 22. Bd6 Nf4 23. Rab2 a6 24. Rb6 Nb3 25. Rb4 Rc6 26. Kh2 Rac8 27. Rb1 Qa5
28. Nd2 Qd8 29. Nxb3 cxb3 30. R1xb3 f5 31. Rb7 Ng6 32. Qd2 Qh4 33. Ra7 Kh7 34.
Rbb7 Rg8 35. Qe3 Qh5 36. Qg3 Rcc8 37. Be7 f4 38. Qg4 Qxg4 39. hxg4 Nxe7 40.
Rxe7 Rxc3 1-0

[Event "ENCI Limburg-open A"]
[Site "Maastricht"]
[Date "2008.05.10"]
[Round "3"]
[White "Ten Hertog, Hugo"]
[Black "Swijsen, Lars"]
[Result "0-1"]
[WhiteElo "2075"]
[BlackElo "1875"]
[PlyCount "51"]
[EventDate "2008.05.09"]
[EventType "swiss"]
[EventRounds "7"]
[EventCountry "NED"]
[Source "P.Boonen"]
[SourceDate "2010.01.01"]

1. e4 d5 2. exd5 Nf6 3. d4 Nxd5 4. c4 Nb4 5. a3 N4c6 6. Be3 Bf5 7. Nc3 e6 8.
Nf3 Bd6 9. Nb5 h6 10. Nxd6+ cxd6 11. Be2 O-O 12. O-O e5 13. dxe5 dxe5 14. Qxd8
Rxd8 15. Rfd1 Nd7 16. b4 e4 17. Nd4 Bh7 18. Nxc6 bxc6 19. Rd6 a5 20. Rad1 Bf5
21. Rxc6 axb4 22. axb4 Ne5 23. Rxd8+ Rxd8 24. Rc5 Bg4 25. Bxg4 Nxg4 26. h3 0-1

[Event "ENCI Limburg-open A"]
[Site "Maastricht"]
[Date "2008.05.10"]
[Round "3"]
[White "Thora, Jack"]
[Black "Lukman, Ronny"]
[Result "1/2-1/2"]
[WhiteElo "1894"]
[BlackElo "2228"]
[PlyCount "45"]
[EventDate "2008.05.09"]
[EventType "swiss"]
[EventRounds "7"]
[EventCountry "NED"]
[Source "P.Boonen"]
[SourceDate "2010.01.01"]

1. Nf3 c5 2. e4 d6 3. g3 Nf6 4. d3 Nc6 5. Bg2 h5 6. O-O Bg4 7. h3 Bd7 8. Nc3
Qc8 9. Kh2 g6 10. Be3 Bg7 11. Qd2 Nd4 12. Nh4 Nh7 13. f4 Bf6 14. Nd5 Bxh4 15.
gxh4 e5 16. Nc3 Qc7 17. Qf2 Qb6 18. Rab1 Nb5 19. f5 Rc8 20. Na4 Qc7 21. c4 d5
22. cxb5 dxe4 23. Bxe4 1/2-1/2